LEADER 00837cam0 22002413 450 001 SOB005880 005 20120725112742.0 100 $a20040211d1959 |||||ita|0103 ba 101 $aita 102 $aIT 200 1 $a<>pianeta su cui viviamo$egeografia e geologia per i licei classici e scientifici e per gli istituti magistrali$fCarmelo Colamonico 210 $aNapoli$cLoffredo$d1959 215 $a327 p.$cill.$d22 cm 700 1$aColamonico$b, Carmelo$3AF00006376$4070$063582 801 0$aIT$bUNISOB$c20120725$gRICA 850 $aUNISOB 852 $aUNISOB$j910$m7778 912 $aSOB005880 940 $aM 102 Monografia moderna SBN 941 $aM 957 $a910$b000077$gSI$d7778$racquisto$1carrano$2UNISOB$3UNISOB$420120725112545.0$520120725112705.0$6carrano 996 $aPianeta su cui viviamo$91677916 997 $aUNISOB LEADER 01261nam0 22003013i 450 001 UTO1127542 005 20231121125917.0 100 $a20140922d1963 ||||0itac50 ba 101 | $ager$agrc 102 $ade 181 1$6z01$ai $bxxxe 182 1$6z01$an 200 1 $aGriechisch-Deutsches Wörterbuch$ezu den Schriften des Neuen Testaments and der übrigen urchristlichen Literatur$fvon D. Walter Bauer 205 $aDurchg. Nachdruck der 5. Aufl 210 $aBerlin$cVerlag Alfred Töpelmann, 1963$dcop. 1958 215 $aXV, 1779 p.$d29 cm 676 $a413.028$9Dizionari delle forme standard delle lingue. Lessicografia.$v22 676 $a483$9Dizionari del greco classico$v22 700 1$aBauer$b, Walter$f <1877-1960>$3BVEV010118$0165310 790 1$aBauer$b, Walter Felix$3MILV154422$zBauer, Walter <1877-1960> 801 3$aIT$bIT-01$c20140922 850 $aIT-FR0017 899 $aBiblioteca umanistica Giorgio Aprea$bFR0017 $eN 912 $aUTO1127542 950 0$aBiblioteca umanistica Giorgio Aprea$d 52S.SIJ. G2 NT.Bau.$e 52BUN0000012105 VMB RS Fondo originale Sijpesteijn$fC $h20140922$i20140922 977 $a 52 996 $aGriechisch-Deutsches Wörterbuch$93642985 997 $aUNICAS